|
|
|
|
| LEADER |
01120nam a2200289 a 4500 |
| 001 |
2619013 |
| 008 |
110519s1999 inua 001 0 eng d |
| 010 |
|
|
|a 98089021
|
| 020 |
|
|
|a 8176352268
|
| 020 |
|
|
|a 0735700192
|
| 040 |
|
|
|a DLC
|c DLC
|d BD-DhAAL
|
| 082 |
0 |
0 |
|a 005.2/768
|2 21
|
| 100 |
1 |
|
|a Bryant, Lyle A.
|
| 245 |
1 |
0 |
|a Fast track MCSD.
|p Visual Basic 6 /
|c Lyle A. Bryant, Kent Sharkey.
|
| 246 |
3 |
0 |
|a Visual Basic 6
|
| 260 |
|
|
|a Indianapolis, IN :
|b New Riders Publishing ;
|a New Delhi :
|b Techmedia,
|c c1999 [Reprinted]
|
| 300 |
|
|
|a xii, 440 p. :
|b ill. ;
|c 22 cm.
|
| 490 |
|
0 |
|a Fast track MCSD
|
| 500 |
|
|
|a "Exam 70-176."
|
| 541 |
|
|
|e 00012163
|
| 650 |
|
0 |
|a Electronic data processing personnel
|x Certification.
|
| 650 |
|
0 |
|a Microsoft software
|x Examinations
|x Study guides.
|
| 630 |
0 |
0 |
|a Microsoft Visual BASIC.
|
| 700 |
1 |
|
|a Sharkey, Kent.
|
| 852 |
4 |
|
|a Ayesha Abed Library
|j General shelf
|
| 999 |
|
|
|c 10879
|d 10879
|
| 952 |
|
|
|0 0
|1 0
|2 ddc
|4 0
|6 005_276800000000000_BRY
|7 0
|9 16601
|a BRACUL
|b BRACUL
|c GEN
|d 2011-05-22
|l 1
|m 30
|o 005.2768 BRY
|p 3010012163
|r 2015-06-23
|s 2014-11-24
|t 1
|w 2011-05-22
|y BK
|x Price not available in Register
|